000 00983nam a22002537a 4500
005 20121220122222.0
008 121220t xxu||||| |||| 00| 0 eng d
010 _aENG-106523
020 _a9788121202077
_c900.00
035 _aEN-90056
037 _bDBAD/PUB
040 _aDPL
_bEng
082 _a951.03
100 1 _aTan Chung
_954466
245 1 0 _aChina and imperialism :
_cby Tan Chung ; abridged and edited by D.N. Gupta
_bduring the nineteenth century /
260 _aNew Delhi
_bGyan Publishing House
_c2013
270 _a23, Main Ansari Road, Daryaganj
_bNew Delhi
_e110002
300 _a312p.
_c23cm(Hb)
500 _aIncludes bibliographical references and index.
700 _aGupta, D.N.
_954486
942 _2ddc
_cEN
_h951.03
_mTAN
999 _c72357
_d72357